Ship of sorrows : (Record no. 169532)

MARC details
000 -LEADER
fixed length control field 00518nam a22001817a 4500
005 - DATE AND TIME OF LATEST TRANSACTION
control field 20191122131027.0
010 ## - LCCN (DPL NO)
LC control number ENG-126985
020 ## - INTERNATIONAL STANDARD BOOK NUMBER
International Standard Book Number 9789385606236
Terms of availability 550.00
035 ## - SYSTEM CONTROL NUMBER
System control number EN-110517
037 ## - SOURCE OF ACQUISITION
Source of stock number/acquisition DBAD/PUB
082 ## - DEWEY DECIMAL CLASSIFICATION NUMBER
Classification number N
100 ## - MAIN ENTRY--PERSONAL NAME
Personal name Qurratulain Hyder
245 ## - TITLE STATEMENT
Title Ship of sorrows :
Statement of responsibility, etc by Qurratulain Hyder
Remainder of title (safina e gham e dil) /
260 ## - PUBLICATION, DISTRIBUTION, ETC. (IMPRINT)
Place of publication, distribution, etc New Delhi
Name of publisher, distributor, etc Women Unlimited
Date of publication, distribution, etc 2019
270 ## - ADDRESS
Address 7/10,FF, Sarvapriya Vihar
City New Delhi
Postal code 110016
300 ## - PHYSICAL DESCRIPTION
Extent xxxi;284p.
Dimensions 21cm(pbk)
942 ## - ADDED ENTRY ELEMENTS (KOHA)
Source of classification or shelving scheme Dewey Decimal Classification
Item type English Books
Classification part N
Call number suffix QUR
Holdings
Withdrawn status Lost status Not for loan Collection code Home library Current library Date acquired Source of acquisition Cost, normal purchase price Full call number Barcode Copy number Cost, replacement price Koha item type
      Fiction Central Library Central Library 22/11/2019 DBAD/PUB 550.00 N QUR EN-110517 1 550.00 English Books

© Delhi Public Library
Hit Counter
free hit counter